Holiday Quiz

Random Holiday or Christmas Quiz
Score 0/10 Timer 00:30
10 Plays Today
Hint Answer % Correct
Santa's ReindeerDasher...
96.2%
British Bank HolidaysEaster Monday...
82.1%
12 Days of Christmas BirdsA Partridge in a Pear Tree...
77.4%
Buddy the Elf's Food GroupsCandy...
64.1%
Fixed US National HolidaysNew Year's Day...
63.1%
Four SeasonsWinter...
59.2%
Scrooge's Ghosts in A Christmas CarolChristmas Past...
56.6%
Jewish High Holy DaysRosh Hashanah...
48.6%
Days in the Christian Holy WeekPalm Sunday...
35.7%
Sides of a DreidelGimel...
11%
Remove Ads.
Support Sporcle.
Get the best of Sporcle when you Go Orange. This ad-free experience offers more features, more stats, and more fun while also helping to support Sporcle. Thank you for becoming a member.

You're not logged in!

Compare scores with friends on all Sporcle quizzes.
OR
Log In

Show Comments

Extras

Top Quizzes Today


Score Distribution

Your Account Isn't Verified!

In order to create a playlist on Sporcle, you need to verify the email address you used during registration. Go to your Sporcle Settings to finish the process.

Report this User

Report this user for behavior that violates our Community Guidelines.

Details: